Towards a natural computing approach for peer - to - systems / (رقم التسجيلة. 5647)
[ عرض عادي ]
| 000 -LEADER | |
|---|---|
| fixed length control field | 015690000a22003370004500 |
| 003 - CONTROL NUMBER IDENTIFIER | |
| control field | EG-GICUC |
| 005 - DATE AND TIME OF LATEST TRANSACTION | |
| control field | 20250223025111.0 |
| 008 - FIXED-LENGTH DATA ELEMENTS--GENERAL INFORMATION | |
| fixed length control field | 071226s2007 ua a f m 000 0 eng d |
| 040 ## - CATALOGING SOURCE | |
| Original cataloging agency | EG-GICUC |
| Language of cataloging | eng |
| Transcribing agency | EG-GICUC |
| 041 0# - LANGUAGE CODE | |
| Language code of text/sound track or separate title | Eng |
| 049 ## - LOCAL HOLDINGS (OCLC) | |
| Holding library | Deposite |
| 097 ## - Thesis Degree | |
| Thesis Level | M.Sc |
| 099 ## - LOCAL FREE-TEXT CALL NUMBER (OCLC) | |
| Classification number | Cai01.20.03.M.Sc.2007.Mo.T |
| 100 0# - MAIN ENTRY--PERSONAL NAME | |
| Personal name | Mohamed Nassef Fattoh Abdelrahman |
| 245 10 - TITLE STATEMENT | |
| Title | Towards a natural computing approach for peer - to - systems / |
| Statement of responsibility, etc. | Mohamed Nassef Fattoh Abdelrahman ; Supervised Ibrahim Farag Abdelrahman , Amr Ahmed Badr |
| 246 15 - VARYING FORM OF TITLE | |
| Title proper/short title | نحو منهج حسابى طبيعى لنظم النظير للنظير |
| 260 ## - PUBLICATION, DISTRIBUTION, ETC. | |
| Place of publication, distribution, etc. | Cairo : |
| Name of publisher, distributor, etc. | Mohamed Nassef Fattoh Abdelrahman , |
| Date of publication, distribution, etc. | 2007 |
| 300 ## - PHYSICAL DESCRIPTION | |
| Extent | 77P. : |
| Other physical details | ill ; |
| Dimensions | 30cm |
| 502 ## - DISSERTATION NOTE | |
| Dissertation note | Thesis (M.Sc.) - Cairo University - Faculty Of Computers and Information - Department Of Computer Science |
| 520 ## - SUMMARY, ETC. | |
| Summary, etc. | Peer - to - peer (P2P) file sharing systems are characterized by highly replicated contents which are distributed among nodes with enormous aggregate resources for storage and communication.File consistency is often compromised by undesirable changes which are needed to be detected and corrected in appropriate time |
| 530 ## - ADDITIONAL PHYSICAL FORM AVAILABLE NOTE | |
| Additional physical form available note | Issued also as CD |
| 653 #4 - INDEX TERM--UNCONTROLLED | |
| Uncontrolled term | Artifical Immune System (AIS) |
| 653 #4 - INDEX TERM--UNCONTROLLED | |
| Uncontrolled term | File recovery |
| 653 #4 - INDEX TERM--UNCONTROLLED | |
| Uncontrolled term | Peer - to - peer Systems (PSP) |
| 700 0# - ADDED ENTRY--PERSONAL NAME | |
| Personal name | Amr Ahmed Badr , |
| Relator term | |
| 700 0# - ADDED ENTRY--PERSONAL NAME | |
| Personal name | Ibrahim Farag Abdelrahman , |
| Relator term | |
| 856 ## - ELECTRONIC LOCATION AND ACCESS | |
| Uniform Resource Identifier | <a href="http://172.23.153.220/th.pdf">http://172.23.153.220/th.pdf</a> |
| 905 ## - LOCAL DATA ELEMENT E, LDE (RLIN) | |
| Cataloger | Esam |
| Reviser | Revisor |
| 905 ## - LOCAL DATA ELEMENT E, LDE (RLIN) | |
| Cataloger | Nazla |
| Reviser | Cataloger |
| 942 ## - ADDED ENTRY ELEMENTS (KOHA) | |
| Source of classification or shelving scheme | Dewey Decimal Classification |
| Koha item type | Thesis |
| Source of classification or shelving scheme | Not for loan | Home library | Current library | Date acquired | Full call number | Barcode | Date last seen | Koha item type | Copy number |
|---|---|---|---|---|---|---|---|---|---|
| Dewey Decimal Classification | المكتبة المركزبة الجديدة - جامعة القاهرة | قاعة الرسائل الجامعية - الدور الاول | 11.02.2024 | Cai01.20.03.M.Sc.2007.Mo.T | 01010110048107000 | 22.09.2023 | Thesis | ||
| Dewey Decimal Classification | المكتبة المركزبة الجديدة - جامعة القاهرة | مخـــزن الرســائل الجـــامعية - البدروم | 11.02.2024 | Cai01.20.03.M.Sc.2007.Mo.T | 01020110048107000 | 22.09.2023 | CD - Rom | 48107.CD |